000 00313nam a2200145Ia 4500
100 _aHarwani/B.M
942 _cBK
366 _f20
245 _aPractical web services for beginners
260 _bShroff Publishers
_c2007
082 _a4.65
_bHAR
300 _a49
546 _aENGLISH
_cComputers
999 _c34567
_d34567